00708nam a2200157 a 450000100100000000500170001000800410002704000250006808200160009324501490010926000710025830000200032904900090034995201750035899900170053300003234320200930065606.0110714s1892 dr 000 0 spa d aDO-SdBNPbspacBNPHU axxxxbM533c00aMemoria que al ciudadano presidente de la república presenta el secretario de estado en los despachos de Justicia é Instrucción Pública. aSanto Domingo :bImprenta "Cuna de América" J. R. Roques,c1892. a22 p. ;c22 cm. aBNPD 0010718PDaPDbPDcCTd2011-07-14iLF1l0oxxxx M533cp32343-10r2020-06-25w2020-06-25yLFPDzPerteneció a la biblioteca personal de Julio Ortega FrierZNo se presta c31834d31834